• 首页
  • 本馆介绍
  • 公告通知
  • 最新文献
  • 馆藏检索
  • 电子资源
  • 读者导购
  • 参考咨询
  • 我的图书馆
  • 登录
  • 详细信息显示
  • 放入我的书架
  • 预约/预借图书
  • 作者相关作品
  • 分类相关作品
  • 丛书相关作品
  • 出版社相关作品

书目信息

  • 表格格式
  • 工作单格式
  • 卡片格式
题名:
生态系统生态学
    
 
作者: 蔡晓明 编著
分册:  
出版信息: 北京   科学出版社  2000
页数: 331页
开本: 26cm
丛书名: 中国科学院研究生教学丛书
单 册:
中图分类: Q148
科图分类:
主题词: 生物学:生态学
电子资源:
ISBN: 7-03-008555-8
000 00780nam0 2200229 450
001 0731600214
005 20070704171204.76
010    @a7-03-008555-8@dCNY32.00
100    @a20070703d2000 km y0chiy0120 ea
101 0  @achi
102    @aCN@b110000
200 1  @a生态系统生态学@Asheng tai xi tong sheng tai xue@f蔡晓明编著@Fcai xiao ming bian zhu
210    @a北京@c科学出版社@d2000
215    @a331页@d26cm
225 2  @a中国科学院研究生教学丛书
330    @a本书论述了生态系统的层级、服务、健康和管理的新思想、新理论;阐明了生态系统的物种流、能量流、物质流、信息流和价值流的规律。
410  0 @12001 @a中国科学院研究生教学丛书
606 0  @a生物学:生态学
690    @aQ148@v3
701  0 @a蔡晓明@Acai xiao ming@4编著
801  0 @aCN@bPFT@c20070704
905    @a10447@dQ148@e128
    
    生态系统生态学/蔡晓明编著.-北京:科学出版社,2000
    331页;26cm.-(中国科学院研究生教学丛书)
    
    
    ISBN 7-03-008555-8:CNY32.00
    本书论述了生态系统的层级、服务、健康和管理的新思想、新理论;阐明了生态系统的物种流、能量流、物质流、信息流和价值流的规律。
●
相关链接 在E读中查询图书 在五车中查询图书 在当当中查询图书 在豆瓣中查询图书


正题名:生态系统生态学     索取号:Q148/128         预约/预借

序号 登录号 条形码 馆藏地/架位号 状态 备注
1 0764493   207644931   第二样本阅览室/ [索取号:Q148/128] 在馆    
唐山师范学院图书馆 欢迎您!
大连网信软件有限公司© 版权所有